Jurisprudencia constitucional sobre el derecho al mínimo vital : (Registro nro. 5164)

Detalles MARC
000 -LEADER
fixed length control field 01238nam a2200265Ia 4500
003 - CONTROL NUMBER IDENTIFIER
control field OSt
005 - DATE AND TIME OF LATEST TRANSACTION
control field 20200407213213.0
008 - FIXED-LENGTH DATA ELEMENTS--GENERAL INFORMATION
fixed length control field 191128s2002 ck gr 000 0 spa d
040 ## - CATALOGING SOURCE
Original cataloging agency CO-JMCR
Transcribing agency CO-JMCR
041 0# - LANGUAGE CODE
Language code of text/sound track or separate title spa
082 04 - DEWEY DECIMAL CLASSIFICATION NUMBER
Classification number 323.04 /
Item number U588j
Edition number 21
110 1# - MAIN ENTRY--CORPORATE NAME
Corporate name or jurisdiction name as entry element Colombia.
Subordinate unit Universidad de los Andes
9 (RLIN) 2732
245 10 - TITLE STATEMENT
Title Jurisprudencia constitucional sobre el derecho al mínimo vital :
Remainder of title estudio de caso, despido injusto de mujer embarazada /
Statement of responsibility, etc. Universidad de los Andes
260 ## - PUBLICATION, DISTRIBUTION, ETC.
Place of publication, distribution, etc. Bogotá :
Name of publisher, distributor, etc. Universidad de los Andes,
Date of publication, distribution, etc. 2002
300 ## - PHYSICAL DESCRIPTION
Extent 166 páginas ;
Dimensions 24 cm.
300 ## - PHYSICAL DESCRIPTION
Other physical details ,
490 0# - SERIES STATEMENT
Series statement Estudios ocasionales. Cijus
504 ## - BIBLIOGRAPHY, ETC. NOTE
Bibliography, etc. note Bibliografía: páginas 73, 87, 165
505 0# - FORMATTED CONTENTS NOTE
Formatted contents note Concepto contenido y funciones del mínimo vital -- Subreglas constitucionales sobre minimo vital -- Reglas de Procedimiento -- Evolución de la jurisprudencia de mínimo vital 1992-2000 -- Análisis de la jursiprudencia desde una perspectiva de la justicia
650 14 - SUBJECT ADDED ENTRY--TOPICAL TERM
Topical term or geographic name entry element Derechos fundamentales
9 (RLIN) 2665
650 14 - SUBJECT ADDED ENTRY--TOPICAL TERM
Topical term or geographic name entry element Derechos de la mujer
General subdivision estudio de casos
Geographic subdivision Colombia
9 (RLIN) 2733
650 14 - SUBJECT ADDED ENTRY--TOPICAL TERM
Topical term or geographic name entry element Derechos civiles
General subdivision legislación
Geographic subdivision Colombia
9 (RLIN) 2734
650 14 - SUBJECT ADDED ENTRY--TOPICAL TERM
Topical term or geographic name entry element Acción y defensa (Derecho)
General subdivision estudio de casos
Geographic subdivision Colombia
9 (RLIN) 2735
942 ## - ADDED ENTRY ELEMENTS (KOHA)
Source of classification or shelving scheme Dewey Decimal Classification
Koha item type Books
Existencias
Withdrawn status Lost status Source of classification or shelving scheme Damaged status Not for loan Collection code Home library Current library Date acquired Source of acquisition Cost, normal purchase price Total Checkouts Full call number Barcode Date last seen Copy number Koha item type
    Dewey Decimal Classification     Non-fiction Biblioteca Pública José María del Castillo y Rada Biblioteca Pública José María del Castillo y Rada 04/15/2018 Donación 0.00   323.04 / U588j 430001389 05/16/2024 Ej.1 Books